| 000 | 01107nam a22002657a 4500 | ||
|---|---|---|---|
| 999 |
_c15634 _d15634 |
||
| 003 | MIRAKIL | ||
| 005 | 20240313112721.0 | ||
| 008 | 240313b tu ||||| |||| 00| 0 tur d | ||
| 020 | _a9789751635396 | ||
| 040 |
_aTR-AnCHP _cTR-AnCHP |
||
| 041 | _atur | ||
| 082 |
_a920 _bD63 2018 |
||
| 245 | 1 | 0 |
_aDoğumunun 80. yılı münasebetiyle Prof. Dr. İristay Kuçkartayev’in Türkiye’deki bilimsel mirası/ _cyayına hazırlayan : Aynur Öz Özcan |
| 246 | _aDoğumunun sekseninci yılı münasebetiyle Prof. Dr. İristay Kuçkartayev’in Türkiye’deki bilimsel mirası | ||
| 250 | _aBirinci Baskı: Ankara, 2018 Ağustos | ||
| 260 |
_aAnkara: _bTürk Dil Kurumu, _c2018. |
||
| 300 |
_a308 sayfa : _bresim, tablo ; _c24 cm. |
||
| 490 | 0 |
_aAtatürk Kültür, Dil ve Tarih Yüksek Kurumu Türk Dil Kurumu yayınları ; _v1262. |
|
| 504 | _aKaynakça: sayfa 303. | ||
| 600 | 0 |
_97745 _aKuçkartayev, İristay |
|
| 650 | 0 |
_97746 _aDil bilimciler |
|
| 650 | 0 |
_9967 _ayaşam öyküsü |
|
| 856 | _zDijital Nüshası için Partimizin Kütüphane Sorumlusu ile iletişime geçiniz. | ||
| 942 |
_2ddc _cBKS |
||